000 00641nam a2200205 i 4500
001 38524
003 ES-MaACL
005 20250712031708.0
007 t|
008 030225s1969 sp ||||1| spa d
100 1 _aCalders, Pere.
_933636
245 1 0 _aAntología de los cuentos de Pere Calders /
_cPere Calders ; (versión y prólogo de Fernando Gutiérrez).
260 _aBarcelona :
_bPolígrafa,
_c1969.
300 _a234 p. ;
_c20 cm.
490 1 _aLa senda ;
_v4
700 1 _aGutiérrez, Fernando,
_d1911-1984
_9156260
830 0 _aLa senda ;
_v4
_9182917
852 _aES-MaACL
_jC-39701
_bR.72613
999 _c38524
_d38524